Europa al teu abast : punt d'informació ciutadana sobre la Unió Europea punt d'informació ciutadana sobre la Unió Europea
Descripción Física:
1 punt de llibre : il·lustracions ; 20 x 7 cm
Idioma:
Catalán
MARC
| LEADER | 00000nrm a22000007a 4500 | ||
|---|---|---|---|
| 001 | 25607 | ||
| 008 | 220523b spa||||| |||| 00| 0 cat d | ||
| 017 | |a DL B 13679-2016 | ||
| 080 | |a NBM-13-133 | ||
| 245 | |a Europa al teu abast : |b punt d'informació ciutadana sobre la Unió Europea | ||
| 260 | |a Barcelona : |b Diputació de Barcelona, |c 2016 | ||
| 300 | |a 1 punt de llibre : |b il·lustracions ; |c 20 x 7 cm | ||
| 610 | 0 | |9 9344 |a Unió Europea | |
| 655 | 0 | |a Punts de llibre |9 52700 | |
| 710 | 2 | |9 53067 |a EuropeDirect Barcelona | |
| 710 | 1 | |a Barcelona (Catalunya : Província). |b Diputació |9 52408 | |
| 942 | |2 udc |c ARXIU |n 1 | ||
| 952 | |0 0 |1 0 |4 0 |6 NBM13133 |7 1 |9 61991 |a Arxiu |b Arxiu |d 2022-05-23 |l 0 |o NBM-13-133 |p 25607 |r 2022-05-23 00:00:00 |w 2022-05-23 |y ARXIU | ||
| 999 | |c 81710 |d 81710 | ||